000 01019nam0a22002651 4500
001 rc\574949
005 20260407083949.0
010 _a5-376-00359-0
_9585
035 _a(NLR Aleph) 005823074
090 _a5500333
_c5500333
100 _a20031121d1988 |||y0rusy50 ca
101 0 _arus
102 _aRU
105 _aa |||||||||
200 1 _aУправление режимами электропередач
_e[Сб. науч. тр.]
_fАН МССР, Отд. энерг. кибернетики
_g[Редкол.: В.М. Постолатий (отв. ред.) и др.]
210 _aКишинев
_cШтиинца
_d1988
215 _a110, [1] с.
_cил.
_d22
320 _aБиблиогр. в конце ст.
702 1 _aПостолатий
_bВ.М.
_4340
712 0 2 _aАН МССР
_bОтдел энергетической кибернетики
_cКишинев
_9295272
_3RU\NLR\AUTH\8811288
801 0 _aRU
_bNLR
_gpsbo
801 1 _aRU
_bELAR
_2rusmarc
852 _aNLR
_j88-5/2276
942 _cBOOK
980 _aNB